|
|
|
|
| LEADER |
00000nab a2200000 ar4500 |
| 001 |
vtls010119729 |
| 003 |
SK-MaSNL |
| 005 |
20260303162206.0 |
| 008 |
100730c2010 xo mr|p|||||||000 b|slo |
| 015 |
|
|
|a SNBRB2010/07
|
| 038 |
|
|
|a SNSK
|
| 040 |
|
|
|a SNSK
|b slo
|c SNSK
|e AACR2
|
| 041 |
|
|
|a slo
|
| 044 |
|
|
|a xo
|c SK
|
| 080 |
|
|
|a 641.55
|2 2001
|
| 080 |
|
|
|a 929 Žídek, Jaroslav
|2 2001
|
| 100 |
1 |
|
|a Filipko, Richard
|4 ivr
|4 aut
|9 217228
|
| 245 |
1 |
0 |
|a Jedávame aj hrôzy
|b otvorená spoveď šéfkuchára o slovenských reštauráciách a kuchároch
|c [zhováral sa] Richard Filipko
|
| 300 |
|
|
|b Fotogr.
|
| 600 |
1 |
7 |
|a Žídek, Jaroslav,
|d 1970-
|2 snsk
|9 239331
|
| 650 |
0 |
7 |
|a gastronómia
|2 snsk
|9 1604
|
| 650 |
0 |
7 |
|a kuchári
|2 snsk
|9 58394
|
| 655 |
|
7 |
|a rozhovory
|2 snsk
|9 31831
|
| 700 |
1 |
|
|a Žídek, Jaroslav,
|d 1970-
|4 ive
|4 aut
|9 239331
|
| 773 |
0 |
|
|t Život
|g Roč. 60, č. 30 (2010), s. 28-31
|x 0139-6323
|
| 852 |
|
|
|a SNSK
|b KIS3GCP
|
| 958 |
|
|
|a CZ
|
| 958 |
|
|
|a BC
|
| 999 |
|
|
|c 2052589
|d 2054519
|